| 000 | 00373nam a22001577a 4500 | ||
|---|---|---|---|
| 005 | 20170925153458.0 | ||
| 008 | 170925b xxu||||| |||| 00| 0 eng d | ||
| 020 | _a978-93-8061-891-3 | ||
| 041 | _aeng | ||
| 082 | _a660 | ||
| 100 |
_aAhluwalia,V K _93982 |
||
| 245 | _aEngineering Chemistry | ||
| 260 |
_aNew Delhi _bANE Books PVT Ltd _c2011 |
||
| 300 | _a416 | ||
| 942 | _cBK | ||
| 999 |
_c5615 _d5613 |
||